Subdivision by Flag Map #3 - Statistics

General Stats
  • This quiz has been taken 23 times
  • The average score is 7 of 16
Answer Stats
Picture Answer % Correct
Yukon
87%
California
67%
Montana
67%
Loreto
53%
Newfoundland & Labrador
53%
Gansu
47%
Komi
47%
Yunnan
40%
Amur
33%
Magadan
33%
New Valley
33%
Arkhangelsk
27%
Kamchatka Krai
27%
Zabaykalsky
27%
Heilongjiang
20%
Karaganda
20%
No matching quizzes found
Score Distribution
Percent of People with Each Score
Percentile by Number Answered
Your Score History
You have not taken this quiz